<?xml version="1.0" encoding="UTF-8"?>
<record
    xmlns:xsi="http://www.w3.org/2001/XMLSchema-instance"
    xsi:schemaLocation="http://www.loc.gov/MARC21/slim http://www.loc.gov/standards/marcxml/schema/MARC21slim.xsd"
    xmlns="http://www.loc.gov/MARC21/slim">

  <leader>01436    a2200205   4500</leader>
  <datafield tag="999" ind1=" " ind2=" ">
    <subfield code="c">330160</subfield>
    <subfield code="d">330160</subfield>
  </datafield>
  <controlfield tag="003">Nust</controlfield>
  <controlfield tag="005">20170612112036.0</controlfield>
  <controlfield tag="008">170612b        xxu||||| |||| 00| 0 eng d</controlfield>
  <datafield tag="020" ind1=" " ind2=" ">
    <subfield code="a">8123911394</subfield>
  </datafield>
  <datafield tag="040" ind1=" " ind2=" ">
    <subfield code="c">Nust</subfield>
  </datafield>
  <datafield tag="082" ind1=" " ind2=" ">
    <subfield code="a">562 MOO</subfield>
  </datafield>
  <datafield tag="100" ind1=" " ind2=" ">
    <subfield code="a">Moore.C,Raymond</subfield>
    <subfield code="9">2436</subfield>
  </datafield>
  <datafield tag="245" ind1=" " ind2=" ">
    <subfield code="a">Invertebrate Fossils</subfield>
    <subfield code="c">Raymond C .Moore, Cecile g .lalicker, Alfred G Fischer</subfield>
  </datafield>
  <datafield tag="260" ind1=" " ind2=" ">
    <subfield code="a">New Delhi</subfield>
    <subfield code="b">CBS</subfield>
    <subfield code="c">1997</subfield>
  </datafield>
  <datafield tag="300" ind1=" " ind2=" ">
    <subfield code="a">766p.</subfield>
  </datafield>
  <datafield tag="500" ind1=" " ind2=" ">
    <subfield code="a">P.B</subfield>
  </datafield>
  <datafield tag="505" ind1=" " ind2=" ">
    <subfield code="a">.The nature of fossils(page 1)2.Foraminifera and radiolaria(page 39)3.Sponges and spongelike fossils(Moore)(page 79)4.Coelenterates(Moore)(page 99)5.Bryozoans(Moore)(page 156)6.Brachiopods(Moore)(page 199)7.Mollusks(Moore)(page 269)8.Gastropods(Moore)(page 277)9.Cephalopods(fischer(page 336)10.Pelecypods(Moore)(page 400)11.Annelids and other worms(Lalicker(Moore)(page 452)12.Arthropods(Moore)(page 464)13.Trilobites(Moore)(page 478)14.Ostracodes and other crustaceans (Lalicker (Moore)(page 521)15.Chelicerates,myriapods and insects(Moore)(page 552)16.Echinoderms(Moore)(page 577)17.Primive attached echinoderms(Moore)(page 582)18.Crinoids(Moore)(page 604)19.Holothuroids(Fischer page 653)20.Starfishes (page 659)21.EchinoidsFischer(page 675)22.Graptolites and pterobranchsFischer(page 715)23.Conodonts(page 738)</subfield>
  </datafield>
  <datafield tag="538" ind1=" " ind2=" ">
    <subfield code="a">Almirah No 18. Shelf No.5</subfield>
  </datafield>
  <datafield tag="650" ind1=" " ind2=" ">
    <subfield code="a">Invertebrate Fossils</subfield>
    <subfield code="9">2437</subfield>
  </datafield>
  <datafield tag="942" ind1=" " ind2=" ">
    <subfield code="2">ddc</subfield>
    <subfield code="c">BK</subfield>
    <subfield code="k">562 MOO</subfield>
  </datafield>
  <datafield tag="952" ind1=" " ind2=" ">
    <subfield code="0">0</subfield>
    <subfield code="1">0</subfield>
    <subfield code="2">ddc</subfield>
    <subfield code="4">0</subfield>
    <subfield code="7">0</subfield>
    <subfield code="8">NFIC</subfield>
    <subfield code="a">IESE</subfield>
    <subfield code="b">IESE</subfield>
    <subfield code="c">GEN</subfield>
    <subfield code="d">2017-06-12</subfield>
    <subfield code="l">0</subfield>
    <subfield code="o">562 MOO</subfield>
    <subfield code="p">IESE-1316</subfield>
    <subfield code="r">2017-06-12</subfield>
    <subfield code="w">2017-06-12</subfield>
    <subfield code="y">BK</subfield>
  </datafield>
  <datafield tag="952" ind1=" " ind2=" ">
    <subfield code="0">0</subfield>
    <subfield code="1">0</subfield>
    <subfield code="2">ddc</subfield>
    <subfield code="4">0</subfield>
    <subfield code="7">0</subfield>
    <subfield code="8">NFIC</subfield>
    <subfield code="a">IESE</subfield>
    <subfield code="b">IESE</subfield>
    <subfield code="c">GEN</subfield>
    <subfield code="d">2017-06-12</subfield>
    <subfield code="l">0</subfield>
    <subfield code="o">562 MOO</subfield>
    <subfield code="p">IESE-1317</subfield>
    <subfield code="r">2017-06-12</subfield>
    <subfield code="w">2017-06-12</subfield>
    <subfield code="y">BK</subfield>
  </datafield>
</record>
